Law of torts: including motor vehicle act and consumer protection act (Record no. 407310)

000 -LEADER
fixed length control field 00436cam a22001457a 4500
008 - FIXED-LENGTH DATA ELEMENTS--GENERAL INFORMATION
fixed length control field 180718b2006 xxu||||| |||| 00| 0 eng d
082 ## - DEWEY DECIMAL CLASSIFICATION NUMBER
Classification number G9 B225
100 ## - MAIN ENTRY--PERSONAL NAME
Personal name Bangia, R.K.
245 ## - TITLE STATEMENT
Title Law of torts: including motor vehicle act and consumer protection act
Statement of responsibility, etc. by R.K. Bangia and Sandeep Bangia
250 ## - EDITION STATEMENT
Edition statement 19th ed.
260 ## - PUBLICATION, DISTRIBUTION, ETC.
Place of publication, distribution, etc. Faridabad
Name of publisher, distributor, etc. Allahabad Law Agency
Date of publication, distribution, etc. 2006
300 ## - PHYSICAL DESCRIPTION
Extent 684p.
650 ## - SUBJECT ADDED ENTRY--TOPICAL TERM
Topical term or geographic name entry element Law
700 ## - ADDED ENTRY--PERSONAL NAME
Personal name Bangia, Sandeep
Holdings
Withdrawn status Lost status Damaged status Not for loan Permanent Location Current Location Date acquired Full call number Barcode Date last seen Price effective from Koha item type
        Indian Institute of Public Administration Indian Institute of Public Administration 2008-02-07 G9 B225 82368 2018-07-21 2018-07-21 Book

Powered by Koha